El Rebozo (Record no. 10315)

MARC details
000 -CABECERA
campo de control de longitud fija 00732nam a2200241 a 4500
001 - NÚMERO DE CONTROL
campo de control BRL_1505
005 - FECHA Y HORA DE LA ÚLTIMA TRANSACCIÓN
campo de control 20190320211234.0
008 - DATOS DE LONGITUD FIJA--INFORMACIÓN GENERAL
campo de control de longitud fija 100214s1976----mx-a######---#000-0#spa-#
041 ## - CÓDIGO DE LENGUA
Código de lengua del texto/banda sonora o título independiente spa
044 ## - CÓDIGO DEL PAÍS DE LA ENTIDAD EDITORA/PRODUCTORA
Código MARC del país mx
050 #4 - SIGNATURA TOPOGRÁFICA DE LA BIBLIOTECA DEL CONGRESO
Número de clasificación GT625
Número de documento/Ítem .N84 1976
100 1# - ENTRADA PRINCIPAL--NOMBRE DE PERSONA
Nombre de persona Núñez y Domínguez, José de Jesús
Fechas asociadas al nombre 1887-1959
9 (RLIN) 9176
245 10 - MENCIÓN DE TÍTULO
Título El Rebozo
Mención de responsabilidad, etc. José de J. Núñez y Domínguez.
260 ## - PUBLICACIÓN, DISTRIBUCIÓN, ETC.
Lugar de publicación, distribución, etc. Toluca, Estado de México
Nombre del editor, distribuidor, etc. Gobierno del Estado de México
Fecha de publicación, distribución, etc. 1976
300 ## - DESCRIPCIÓN FÍSICA
Extensión 67 p.
Otras características físicas il.
Dimensiones 21 cm.
440 #0 - MENCIÓN DE SERIE/PUNTO DE ACCESO ADICIONAL--TÍTULO
Título Serie de Arte Popular y Folklore
9 (RLIN) 27121
500 ## - NOTA GENERAL
Nota general Au1653
650 14 - PUNTO DE ACCESO ADICIONAL DE MATERIA--TÉRMINO DE MATERIA
Término de materia o nombre geográfico como elemento de entrada Chales y mantones
Subdivisión geográfica México
9 (RLIN) 27122
650 14 - PUNTO DE ACCESO ADICIONAL DE MATERIA--TÉRMINO DE MATERIA
Término de materia o nombre geográfico como elemento de entrada Prendas de vestir
Subdivisión general Historia
Subdivisión geográfica México
9 (RLIN) 1835
653 0# - TÉRMINO DE INDIZACIÓN--NO CONTROLADO
Término no controlado Rebozos
902 ## - CATALOGADOR
Iniciales GRL
942 ## - ELEMENTOS DE PUNTO DE ACCESO ADICIONAL (KOHA)
Fuente del sistema de clasificación o colocación Library of Congress Classification
Tipo de ítem Koha Libros
Holdings
Estado de retiro Estado de pérdida Estado dañado No para préstamo Localización permanente Ubicación/localización actual Fecha de adquisición Número de inventario Total de préstamos Signatura topográfica completa Código de barras Fecha visto por última vez Precio válido a partir de Tipo de ítem Koha
El ejemplar forma parte de la colección y puede ser consultado según las políticas vigentes.       Biblioteca Centro de Estudios Ruth D. Lechuga Biblioteca Centro de Estudios Ruth D. Lechuga 10/02/2014 Au1653   GT625 .N84 1976 (Au1653) GRL01666 22/03/2019 22/03/2019 Libros